| 000 | 00653nam a2200217Ia 4500 | ||
|---|---|---|---|
| 003 | OSt | ||
| 005 | 20240918085923.0 | ||
| 008 | 220927b |||||||| |||| 00| 0 eng d | ||
| 020 | _a9780415487351 | ||
| 037 | _b174, 22/03/2010, Capital Book Agency | ||
| 040 |
_aSDCL _cSDCL _beng |
||
| 041 |
_2eng _aeng |
||
| 082 | _aRxM72,ES Q0 | ||
| 100 | _aRussell, Bertrand | ||
| 245 | 0 | _aEducation and the social order. | |
| 260 |
_aLondon: _bRoutledge, _c2010. |
||
| 300 |
_a186p. _ccm. |
||
| 650 | _aPhilosophy | ||
| 942 |
_hRxM72,ES Q0 _cTEXL _2CC |
||
| 999 |
_c716856 _d716856 |
||